000 00318nam a2200121Ia 4500
008 190216s9999||||xx |||||||||||||| ||und||
100 _aJanardhanan Pillay .cp
245 0 _aMathematics With Theory And Problems With I Pre-Degree
260 _bVidyarthimithram
300 _a756
650 _aMathematics
942 _cBK
999 _c31197
_d31197